Регионална библиотека "Любен Каравелов" - Русе

Взор през огледалото (Запис номер 63736)

MARC детайли
000 -Лидер
Контролно поле с фиксирана дължина 01579nam a2200349 c 4500
003 - Код на организацията, давaща контролен номер
Контролно поле BLK
005 - Дата и час на последна редакция
Контролно поле 20231014111004.0
008 - Елементи от данни с фиксирана дължина
fixed length control field 180408b bul|||||r ||||||| ||bul||
010 ## - Наследен системен номер
LC control number KNG00067995000
020 ## - Международен стандартен номер на книга ISBN
Международен стандартен номер на книга ISBN 978-954-584-071-5
-- издат.: Бард - на том(т. 4)
040 ## - Източник на каталожния запис
Идентификатор на билиотеката - собственик на записа BLK
041 ## - Код за език
Код за езика на текст/звукозапис или на отделно заглавие Български
Код за езика КДБФ Български
080 ## - УДК
Текстов определител УДК Австралийска литература
УДК код - определител по УДК 821.111(94)
УДК определител -312.9
УДК - код + определител 821.111(94)-312.9
100 1# - Редна дума - Автор
Автор Ървайн, Йън
Авторска отговорност първи автор
R(LIN) 144747
139 ## - Редно поле
Редна дума Ървайн, Йън
Авторски знак Ъ - Ъ
245 10 - Сведения за заглавието
Заглавие Взор през огледалото
Подзаглавни данни История от трите свята : Кн. 1 -
Редно поле (дума) Йън Ървайн; прев. от англ. Владимир Зарков.
Том Кн. 4
Заглавие на том Пътят между световете
257 ## - Страна на издаване
Страна на създаване/издаване Австралия
260 ## - Област на издателските данни
-- София
Година на издаване 2005 -
300 ## - Физическа характеристика
Размери/Мащаб 22 см
380 ## - Жанр
Жанр Худож. лит.
500 ## - Общи забележки
Забележка Съдържа и Речник на действащите лица, имена и географски названия.
653 ## - Ключова дума – ненормативна
Ключова дума фантастика
653 ## - Ключова дума – ненормативна
Ключова дума романи
700 ## - Други автори (авторска отговорност)
Лично име Зарков, Владимир Владимиров
Дати, свързани с автора 1961-
Автороска отговорност (Описва отношението между автора и произведението) прев. от англ.
9 (RLIN) 365578
760 1# - Описание на основната серия
-- - на том(т. 4)
Редна дума на основното описание Ървайн, Йън
Място на издаване, издател и година Бард, 2006
Страници - том 496 с.
Забележка - том Ориг. загл. The Way Between the Worlds / Ian Irvine.
Заглавие Кн. 4 Пътят между световете
852 ## - Местоположение
Форматна сигнатура Цб 224317
856 4# - Електронен адрес и достъп
Електронен формат pdf - файл
Път до файла /url/
856 4# - Електронен адрес и достъп
Електронен формат pdf - файл
Път до файла /url/
942 ## - АРТИКУЛИ
Вид на библиотечния материал Книги
Скрит в OPAC Не
Koha issues (borrowed), all copies 5
944 ## - СЪЗДАВАНЕ И РЕДАКЦИЯ на ЗАПИСА
Създаване/Редакция Създаване
Дата на регистрацията/редакция 19.09.2006
Статус, дата на статуса Нора Радева
Служител, извършил регистрацията/редакцията 30545
944 ## - СЪЗДАВАНЕ И РЕДАКЦИЯ на ЗАПИСА
Създаване/Редакция Редакция
Дата на регистрацията/редакция 14.07.2010
Статус, дата на статуса ф /
Служител, извършил регистрацията/редакцията
999 ## - СИСТЕМНИ КОНТРОЛНИ НОМЕРА
Koha biblionumber 63736
Koha biblioitemnumber 63736
Наличности
Код за отписване Код за изгубен артикул Код за повреда Коз за рестрикции Код за отдаване Артикулен № Име на библиотеката - собственик Име на библиотеката, в която се намира в момента Статус (Текущо местоположение) Дата на вписване в системата Местоположение - отдел Цена в лева Инвентарен номер Систематично азбучна сигнатура Баркод Номер на екземпляра Цена в евро Служебна бележка Служебен тип на артикула
  Не е изгубен Не е повреден без рестрикции заемане за дома 105637 Регионална библиотека "Любен Каравелов" Русе Регионална библиотека "Любен Каравелов" Русе Заемна - подръчен фонд 2006-09-19 Заемна - подръчен фонд 9.99 120000705163 П 820(9)-31/Ъ 120000705163 1 5.11 Дост: Pk Вид: Ф N: 15 Дата: 05.09.2006 Дата инв: 12.02.2018 Бележки инв: П2018 Книги
  Не е изгубен Не е повреден без рестрикции заемане за дома 105638 Регионална библиотека "Любен Каравелов" Русе Регионална библиотека "Любен Каравелов" Русе Заемна - подръчен фонд 2010-06-29 Заемна - подръчен фонд 9.99 120000744845 П 820(9)-31/Ъ 120000744845 2 5.11 Дост: DA Вид: А N: 17 Дата: 29.06.2010 Дата инв: 12.02.2018 Бележки инв: П2018 Книги
Vip Innovations Ltd, Rousse, Bulgaria 2025